000 00962nam a2200217 i 4500
001 41677
003 ES-MaACL
005 20240305181044.0
007 t|
008 030311s1866 sp ||||1| spa d
080 _a37.057)(72)(091)
100 1 _aCastellanos, Manuel.
_936532
245 1 0 _aDefensa hecha por el licenciado D. Manuel Castellanos ante el Señor Juez 5º del ramo criminal de Méjico licenciado Don Dionisio del Castillo, en el juicio verbal sobre denuncia de un impreso intitulado "Contestación de un español al E.S. Ministro Siliceo" acusado por abuso de libertad de imprenta.
260 _aMadrid :
_b[s.n.],
_c1866 (
_fEstab. Tip.de T. Fortanet)
300 _a96 p. ;
_c23 cm.
530 _aDisponible en formato digital.
650 7 _aEnseñanza pública-
_zMéxico
_2
_9155832
852 4 _aES-MaACL
_jT-84-F-7
856 4 _uhttp://bdh-rd.bne.es/viewer.vm?id=0000085759&page=1
_zBiblioteca Digital Hispánica
999 _c41677
_d41677